| 000 | 00504nam a2200133Ia 4500 | ||
|---|---|---|---|
| 008 | 260210s9999 xx 000 0 und d | ||
| 024 | _a00A-026-CS, 00A-014-Cs & 99A-083-CS | ||
| 082 | _a004.68072 NAW | ||
| 100 | _aJawed nawaz, Mirza Adnan Baig & Riaz Ahmed Khan | ||
| 245 | 0 | _aImplementation of VPN Using Cisco Router 3000 Series and Micro controller as External Hardware | |
| 260 |
_aKarachi: _bUITU, _c2000 |
||
| 600 | _aComputer System Engineering | ||
| 650 | _aBachelor of Engineering (BE) | ||
| 999 |
_c32637 _d32637 |
||